| 000 | 01186nam a22003017a 4500 | ||
|---|---|---|---|
| 005 | 20180601151614.0 | ||
| 010 | _aENG-103093 B-463234-263 Rashtrpati-2 | ||
| 020 |
_a9780071074803 _c550.00 |
||
| 020 |
_a0071074805 _c550.00 |
||
| 020 |
_a9780071074803 _c840.00 |
||
| 035 | _aEN-86626 B-463234-263 | ||
| 037 | _bDBAD / PUB | ||
| 037 | _bRK Books | ||
| 037 | _bRBC/Ven | ||
| 082 | _a910 | ||
| 100 | _aSurender Singh | ||
| 245 |
_aGeography for state Civil Services and other competitive examinations / _cby Surender Singh |
||
| 250 | _a10th ed. | ||
| 260 |
_aNew Delhi _bTata McGraw-Hill Publishing _c2011 |
||
| 270 |
_a4215/1,Ansari Road, Drayaganj _bNew Delhi _e110002 |
||
| 300 |
_aVarious pagings _c25cm (pbk) _bill.,maps |
||
| 490 | _aTata McGraw Hill's winning edge series | ||
| 500 | _a Rashtrpati-2 | ||
| 500 | _aIncludes index | ||
| 942 |
_adpl _cEN _2ddc _h910 _mSUR |
||
| 999 |
_c54183 _d54183 |
||